| 000 | 00974nas a2200217 a 4500 | ||
|---|---|---|---|
| 005 | 20171002090125.0 | ||
| 008 | 160609c20069999ck rzp 0 b spa d | ||
| 022 | _a1909-1389 | ||
| 040 |
_aCO-BoBLA _cCO-BoBLA _dCO-BoIAVH |
||
| 041 | 0 | _aspa | |
| 044 | _ack | ||
| 090 | _aSE | ||
| 245 | 0 | 0 |
_aConservación Caribe / _cSistema Regional de Areas Protegidas del Caribe Colombiano, SIRAP Caribe. |
| 260 |
_aSanta Marta (Colombia) : _bSistema Regional de Areas Protegidas del Caribe Colombiano, SIRAP Caribe., _c- |
||
| 300 |
_bilustraciones a color y fotografías a color ; _c27 x 22 cm. |
||
| 500 | _aDescripción basada en : No.2 (Mayo. 2008) | ||
| 650 | 2 | 6 |
_aConservación de la naturaleza _zCaribe (Región, Colombia) _vPublicaciones periódicas |
| 650 | 2 | 6 |
_aProtección ambiental _z Caribe (Región, Colombia) _v Publicaciones seriadas. |
| 650 | 2 | 6 |
_aRecursos naturales _z Caribe (Región, Colombia) _v Publicaciones seriadas. |
| 942 |
_2z _cREVISTA |
||
| 999 |
_c19915 _d19915 |
||